000
00212nam a2200085 4500
999
_c
522257
_d
522257
100
_a
Rajasthan. Swayat Shasan Vibhag
_9
9908
245
_a
Annual report, 2022-23
260
_a
Jaipur
_b
The author
_c
2023
300
_a
81p.